| 000 | 01375aam a2200325 i 4500 | ||
|---|---|---|---|
| 999 |
_c45499 _d45499 |
||
| 001 | 19124 | ||
| 003 | CO-MdFUSB | ||
| 005 | 20180726095158.0 | ||
| 008 | 180726t2004 enk||||g |||| 00| 0 eng d | ||
| 020 | _a0-232-52385-1 | ||
| 040 |
_aCO-MdFUSB _bspa _cCO-MdFUSB _dCO-MdFUSB _erda |
||
| 041 | _aeng | ||
| 082 |
_224 _aG 255.79 _bW947h |
||
| 100 | 1 |
_aWright, Wendy M. _eautor |
|
| 245 | 1 | 0 |
_aHeart speaks to heart _b: The Salesian tradition _c/ Wright, Wendy M. |
| 264 | 1 |
_aLondon : _bDarton, Longman & Todd, _c℗2004 |
|
| 264 | 4 | _c©2004 | |
| 300 |
_a216 páginas _c; 21 cm |
||
| 336 |
_2rdacontent _atexto _btxt |
||
| 337 |
_2rdamedia _asin mediación _bn |
||
| 338 |
_2rdacarrier _avolumen _bnc |
||
| 501 | _aIncluye indice (páginas 210- 216) | ||
| 504 | _aBibliografía (páginas 207- 209) | ||
| 505 | 0 | 0 | _aLa tradición espiritual de los salesianos -- Francis de Sales -- La Sainte Source: Jane de Chantal y la visitación de la Santa María -- 'Una gran luz': Difusión del espíritu salesiano -- Margaret Mary Alacoque y el corazón sagrado -- Pentecostés de los salesianos del siglo XIX -- La llamada universal a la santidad: El segundo concilio vaticano y los santos salesianos |
| 563 | _aRústico | ||
| 653 | _aIglesia Católica Romana -- órdenes religiosas | ||
| 653 | _aMonasticismo -- Cristianismo | ||
| 942 | _cBK | ||